| 000 | 00377nam a2200133Ia 4500 | ||
|---|---|---|---|
| 008 | 220216s9999 xx 000 0 und d | ||
| 100 | _aKrishna Kumar A K | ||
| 245 | 0 | _aRubber sector in the liberalised era: Developments in the NR market in retrospect | |
| 260 |
_bIndian Rubber Journal _c2003 |
||
| 300 | _a64-69 | ||
| 650 | _aNR market | ||
| 700 | _aJacob Jom | ||
| 942 | _cJS | ||
| 999 |
_c67982 _d67982 |
||